FC Bayern München UCL Winning XI - Statistiken

Allgemein
  • Dieses Quiz wurde 653 mal gespielt
    617 seit der letzten Aktualisierung
  • Das Durchschnittsergebnis liegt bei 38 aus 66
Antwortstatistiken
Hint Antwort % Korrekt
St Gerd Müller
98%
St Gerd Müller
98%
St Gerd Müller
98%
GK Manuel Neuer
98%
GK Manuel Neuer
98%
CAM Thomas Müller
97%
CAM Thomas Müller
97%
ST Robert Lewandowski
95%
RW Arjen Robben
94%
LW Franck Ribery
94%
CB Jerome Boateng
94%
CB Jerome Boateng
94%
RB Joshua Kimmich
94%
LB Philipp Lahm
94%
LW Kingsley Coman
93%
RW Serge Gnabry
93%
GK Oliver Kahn
91%
LB Alphonso Davies
89%
CDM Bastian Schweinsteiger
89%
LB David Alaba
88%
CB David Alaba
88%
CDM Leon Goretzka
88%
St Mario Mandzukic
87%
CB Dante
76%
Def Franz Beckenbauer
76%
Def Franz Beckenbauer
76%
Def Franz Beckenbauer
76%
CDM Javi Martinez
76%
CDM Thiago
75%
GK Sepp Maier
67%
GK Sepp Maier
67%
GK Sepp Maier
67%
St Giovane Elber
63%
Mid Stefan Effenberg
63%
St Uli Hoeneß
61%
St Uli Hoeneß
61%
St Uli Hoeneß
61%
St Karl-Heinz Rummenigge
56%
Mid Mehmet Scholl
55%
Def Paul Breitner
50%
Def Georg Schwarzenbeck
40%
Def Georg Schwarzenbeck
40%
Def Georg Schwarzenbeck
40%
Def Bixente Lizarazu
34%
Def Willy Sagnol
33%
Mid Franz Roth
30%
Mid Franz Roth
30%
Mid Franz Roth
30%
Mid Hasan Salihamidzic
30%
Def Samuel Kuffour
30%
Def Thomas Linke
29%
St Björn Andersson
24%
Def Patrik Andersson
24%
Mid Owen Hargreaves
18%
Def Bernd Dürnberger
10%
Def Bernd Dürnberger
10%
Mid Rainer Zobel
8%
Def Rainer Zobel
8%
St Conny Torstensson
7%
St Conny Torstensson
7%
Mid Jupp (Hans-Josef) Kappelmann
7%
Mid Jupp (Hans-Josef) Kappelmann
7%
Mid Jupp (Hans-Josef) Kappelmann
7%
Def Johnny Hansen
6%
Def Johnny Hansen
6%
Def Udo Horsmann
4%
Keine übereinstimmenden Quizze gefunden
Verteilung der Resultate
Anzahl Personen mit jedem Resultat
Perzentil nach korrekt beantworteten Fragen
Ihre Resultats-Entwicklung
Sie haben dieses Quiz seit der letzten Aktualisierung nicht gespielt